|
|
|
|
| LEADER |
01302nam a2200373Ia 4500 |
| 001 |
EBC837591 |
| 003 |
MiAaPQ |
| 005 |
20200520144314.0 |
| 006 |
m o d | |
| 007 |
cr cn||||||||| |
| 008 |
111123s2012 nju s 001 0 eng d |
| 010 |
|
|
|z 2011048566
|
| 020 |
|
|
|z 9781118173046
|
| 020 |
|
|
|z 9781118226896
|
| 035 |
|
|
|a (MiAaPQ)EBC837591
|
| 035 |
|
|
|a (Au-PeEL)EBL837591
|
| 035 |
|
|
|a (CaPaEBR)ebr10546568
|
| 035 |
|
|
|a (CaONFJC)MIL361930
|
| 035 |
|
|
|a (OCoLC)794488190
|
| 040 |
|
|
|a MiAaPQ
|c MiAaPQ
|d MiAaPQ
|
| 050 |
|
4 |
|a HG4027.35
|b .N65 2012
|
| 082 |
0 |
4 |
|a 658.15
|2 23
|
| 100 |
1 |
|
|a Nolop, Bruce,
|d 1950-
|
| 245 |
1 |
4 |
|a The essential CFO
|h [electronic resource] :
|b a corporate finance playbook /
|c Bruce Nolop.
|
| 260 |
|
|
|a Hoboken, N.J. :
|b John Wiley & Sons, Inc.,
|c 2012.
|
| 300 |
|
|
|a xxvii, 349 p.
|
| 490 |
0 |
|
|a Wiley corporate F&A
|
| 500 |
|
|
|a Includes index.
|
| 533 |
|
|
|a Electronic reproduction. Ann Arbor, MI : ProQuest, 2015. Available via World Wide Web. Access may be limited to ProQuest affiliated libraries.
|
| 650 |
|
0 |
|a Chief financial officers.
|
| 650 |
|
0 |
|a Corporations
|x Finance
|x Management.
|
| 655 |
|
4 |
|a Electronic books.
|
| 710 |
2 |
|
|a ProQuest (Firm)
|
| 856 |
4 |
0 |
|u https://ebookcentral.proquest.com/lib/matrademy/detail.action?docID=837591
|z Click to View
|